Most Common High School Mascots - Statistics

General Stats
  • This quiz has been taken 32,350 times
    32,325 since last reset
  • The average score is 19 of 30
Answer Stats
# Clue Mascot % Correct
580 Big cat Lions
97%
1,304 Bird of prey Eagles
96%
930 Big cat Tigers
96%
297 One who loves their country Patriots
81%
366 Norseman Vikings
80%
418 Native inhabitant of the U.S. Indians
78%
313 Male sheep Rams
77%
862 Big cat Panthers
71%
169 Wild canine Wolves
71%
318 Citizen of Athens' rival Spartans
70%
245 Bird of prey Hawks
69%
263 Naval looter and pillager Pirates
69%
384 Person from Troy Trojans
69%
854 Breed of dog Bulldogs
68%
297 Red bird Cardinals
68%
265 Stinging insect Hornets
65%
467 Warrior of the Middle Ages Knights
65%
705 Brave fighter Warriors
64%
242 Ursine creature Bears
63%
408 Bird of prey Falcons
62%
172 Big cat Jaguars
59%
447 Wild horse Mustangs
52%
191 Type of lynx Bobcats
49%
188 One who defies authority Rebels
49%
518 Big cat Cougars
46%
241 Religious warrior Crusaders
44%
191 Predecessor to the Greek gods Titans
44%
719 Generic term for a small to mid-size cat Wildcats
39%
299 Looter and pillager Raiders
32%
187 Colored demon Blue Devils
29%
No matching quizzes found
Score Distribution
Percent of People with Each Score
Percentile by Number Answered
Your Score History
You have not taken this quiz since the last reset